| 000 | 00570nam a2200193Ia 4500 | ||
|---|---|---|---|
| 008 | 191130s2006##################000#0#eng## | ||
| 020 | _a9788131703205 | ||
| 040 |
_aACL _cACL |
||
| 082 | _a658.7 BOZ | ||
| 100 | _aBozarth, Cecil | ||
| 245 |
_aIntroduction to operations and supply chain management _cCecil Bozarth |
||
| 260 |
_aNew Delhi _bDorling Kindersley (India) Pvt. Ltd _c2006 |
||
| 300 | _axxiv,551p. : ill. ; 26cm | ||
| 500 | _aIncludes index | ||
| 650 | _aManagement | ||
| 990 | _ac1849631ac10000c54b9fee80a4d2bfa | ||
| 991 | _a113503 | ||
| 999 |
_c268857 _d268857 |
||